01014nam a2200253 a 4500001001000000003000500010005001700015008004100032010001100073011001100084040000900095100003200104245019700136260004100333500006000374502009200434650003400526650002000560650002500580650002400605650002700629700003400656856007000690000110555CHAP20220329144138.0140910s2014 mx sm |||||||spa d a107017 a107989 cCHAP1 aGallegos Hernández, Karen10aCaracterización agroecológica y socioeconómica del sistema cacao en el Municipio Maravilla Tenejapa, Chiapash[En línea]cpor Karen Gallegos Hernández y Laura Mitzel De la O Navarro. aChapingo, Méx. :bEl autor,c2014. aPara ver el contenido del material haga clic en la liga aTesis (Ing. Agr. Esp. en Recursos Naturales Renovables) -- UACH. Departamento de Suelos14aCacaoxAspectos económicos.14aCacaoxChiapas.14aCacaoxProducción.14aCacaoxRendimiento.14aEcología agrícola.1 aO Navarro, Laura Mitzel de la aFinding aiduhttp://10.13.5.2/tesis/sist110555.pdfzTeclea aquí